A módszeres kételytől a kételyt integráló módszerig Descartes-tól Hegelig /
Elmentve itt :
| Szerző: | |
|---|---|
| Dokumentumtípus: | Könyv része |
| Megjelent: |
Pro Philosophia Szegediensi Alapítvány, Magyar Filozófiai Társaság, Státus
Szeged
2024
|
| Sorozat: | Lábjegyzetek Platónhoz
21 A kétely 21 |
| Kulcsszavak: | Tudományfilozófia, Filozófia |
| Tárgyszavak: | |
| Online Access: | http://acta.bibl.u-szeged.hu/89312 |
| LEADER | 00900naa a2200229 i 4500 | ||
|---|---|---|---|
| 001 | acta89312 | ||
| 005 | 20251215081704.0 | ||
| 008 | 251215s2024 hu o 000 hun d | ||
| 020 | |a 978-615-5727-08-5 | ||
| 022 | |a 1785-7082 | ||
| 040 | |a SZTE Egyetemi Kiadványok Repozitórium |b hun | ||
| 041 | |a hun | ||
| 100 | 1 | |a Weiss János | |
| 245 | 1 | 2 | |a A módszeres kételytől a kételyt integráló módszerig |h [elektronikus dokumentum] : |b Descartes-tól Hegelig / |c Weiss János |
| 260 | |a Pro Philosophia Szegediensi Alapítvány, Magyar Filozófiai Társaság, Státus |b Szeged |c 2024 | ||
| 300 | |a 22-30 | ||
| 490 | 0 | |a Lábjegyzetek Platónhoz |v 21 | |
| 490 | 0 | |a A kétely |v 21 | |
| 650 | 4 | |a Bölcsészettudományok | |
| 650 | 4 | |a Filozófia, etika és vallástudományok | |
| 695 | |a Tudományfilozófia, Filozófia | ||
| 856 | 4 | 0 | |u http://acta.bibl.u-szeged.hu/89312/1/platonhoz_021_022-030.pdf |z Dokumentum-elérés |